| 000 | 01013nmm a2200313 a 4500 | ||
|---|---|---|---|
| 003 | AR-BaBNM | ||
| 005 | 20251128203511.0 | ||
| 008 | 026119s1944 ||||||||||||||000 | spa|| | ||
| 040 | _cAR-BaBNM | ||
| 100 | 1 | _aBoehn, Max von | |
| 245 | 1 | 0 |
_aAccesorios de la moda _bencajes, abanicos, guantes, bastones, paraguas, joyas. 9 |
| 250 | _a1ª ed. | ||
| 260 |
_aBarcelona _bSalvat _c1944 |
||
| 300 |
_axxiii, 296 p. _bláms., il. |
||
| 500 | _aEl presente volumen completa la colección" La Moda: historia del traje en Europa desde los orígenes del cristianismo hasta nuestros días" del autor Max von Boehn | ||
| 650 | 4 | _aINDUSTRIA DEL VESTUARIO | |
| 650 | 4 | _aVIDA SOCIAL | |
| 650 | 4 | _aMODA | |
| 650 | 4 | _aDISENO DE INDUMENTARIA | |
| 650 | 4 | _aCOSTUMBRES Y TRADICIONES | |
| 650 | 4 | _aHISTORIA DE LAS COSTUMBRES | |
| 650 | 4 | _aVESTUARIO | |
| 650 | 4 | _aHISTORIA EUROPEA | |
| 650 | 4 | _aHISTORIA CULTURAL | |
| 650 | 4 | _aJOYAS | |
| 700 | 0 |
_aMarqués de Lozoya _eprologuista |
|
| 942 | _cBK | ||
| 998 | _cMARTIN | ||
| 999 |
_c3663 _d3663 |
||